| 000 | 00470nam a2200181 a 4500 | ||
|---|---|---|---|
| 000 | BKB | ||
| 001 | 154309 | ||
| 005 | 20200902161236.0 | ||
| 008 | 170322 ### HIN | ||
| 020 | _a9789351403586 | ||
| 082 |
_a530.15 _bR13M |
||
| 100 | _aRajput, B.S. | ||
| 245 |
_aMathematical physics _cby B.S. Rajput |
||
| 260 |
_aMeerut _bPragati Prakashan _c2016 |
||
| 300 | _a1516p. | ||
| 690 | _aMathematical physics | ||
| 964 |
_a _bENG _c _d _e _f _g |
||
| 999 |
_c16853 _d16853 |
||